| 000 | 00437nam a2200157Ia 4500 | ||
|---|---|---|---|
| 008 | 230917s9999||||xx |||||||||||||| ||und|| | ||
| 040 |
_e100811 _aMAIN |
||
| 041 | _aEnglish | ||
| 082 | _a340.942 K851P | ||
| 100 | _aKiralfy, A K R | ||
| 245 | 0 | _aPatter's historical introducation to english law and its institutions | |
| 250 | _a4th ed. | ||
| 260 |
_aDelhi _bUniversal Law Publishing _c1999 |
||
| 300 | _axxxii, 675 p. | ||
| 942 | _cBK | ||
| 999 |
_c117994 _d117994 |
||